000
00314 a2200109 4500
001
ART_11320
005
20260410161856.0
008
260409a
245
1
0
_a
Libertad política, moral y económica
100
1
_a
Machlup, Fritz
773
0
_t
Revista de Economía
_g
- Nº 33 (jun. 1982)
_w
REV11077
999
_c
25463
_d
25463